书目信息 |
| 题名: |
地学信息工程实用软件教程
|
|
| 作者: | 陈三明 主编 | |
| 分册: | ||
| 出版信息: | 北京 冶金工业出版社 2009.10 |
|
| 页数: | 10, 271页 | |
| 开本: | 26cm | |
| 丛书名: | ||
| 单 册: | ||
| 中图分类: | P285.1-39 | |
| 科图分类: | ||
| 主题词: | 地质图--di zhi tu--计算机制图--应用软件--高等学校--教材 , 地质图--di zhi tu , 计算机制图--ji suan ji zhi tu , 应用软件--ying yong ruan jian | |
| 电子资源: | ||
| ISBN: | 978-7-5024-5096-0 | |
| 000 | 01195nam0 2200289 450 | |
| 001 | 0106081850 | |
| 005 | 20201106082046.0 | |
| 010 | @a978-7-5024-5096-0@dCNY36.00 | |
| 100 | @a20100105e20192009em y0chiy50 ea | |
| 101 | 0 | @achi |
| 102 | @aCN@b110000 | |
| 105 | @aa z 000yy | |
| 106 | @ar | |
| 200 | 1 | @a地学信息工程实用软件教程@Adi xue xin xi gong cheng shi yong ruan jian jiao cheng@f陈三明主编 |
| 210 | @a北京@c冶金工业出版社@d2009.10@h2019.01 | |
| 215 | @a10, 271页@c图@d26cm@e1光盘 | |
| 300 | @a高等学校教学用书 | |
| 307 | @a附光盘:ISBN 978-7-89992-879-0 | |
| 330 | @a本书共分三篇:第一篇以地质CAD、地球化学地球物理图件制作为主的相关软件群为主,并对制图中使用的坐标概念及变换进行了阐述;第二篇以MAPGIS在地质制图中的使用为主,以实例的形式阐述MAPGIS如何以标准规范的形式快速制图;第三篇进入到三维领域,讲述地下三维模拟系统3DMine软件的使用。 | |
| 606 | 0 | @a地质图@Adi zhi tu@x计算机制图@x应用软件@x高等学校@j教材 |
| 606 | 0 | @a地质图@Adi zhi tu |
| 606 | 0 | @a计算机制图@Aji suan ji zhi tu |
| 606 | 0 | @a应用软件@Aying yong ruan jian |
| 690 | @aP285.1-39@v5 | |
| 701 | 0 | @a陈三明@Achen san ming@4主编 |
| 801 | 0 | @aCN@bBJSZM@c20201106 |
| 905 | @b1193384-7@dP285.1-39@e337@f4 | |
| 地学信息工程实用软件教程/陈三明主编.-北京:冶金工业出版社,2009.10(2019.01) |
| 10, 271页:图;26cm+1光盘 |
| 高等学校教学用书 |
| ISBN 978-7-5024-5096-0:CNY36.00 |
| 本书共分三篇:第一篇以地质CAD、地球化学地球物理图件制作为主的相关软件群为主,并对制图中使用的坐标概念及变换进行了阐述;第二篇以MAPGIS在地质制图中的使用为主,以实例的形式阐述MAPGIS如何以标准规范的形式快速制图;第三篇进入到三维领域,讲述地下三维模拟系统3DMine软件的使用。 |
| ● |
| 相关链接 |
|
|
|
|
正题名:地学信息工程实用软件教程
索取号:P285.1-39/337
 
预约/预借
| 序号 | 登录号 | 条形码 | 馆藏地/架位号 | 状态 | 备注 |
| 1 | 1193384 | 211933844 | 第二样本阅览室/ [索取号:P285.1-39/337] | 在馆 | |
| 2 | 1193385 | 211933853 | 第三借阅区/ [索取号:P285.1-39/337] | 在馆 | |
| 3 | 1193386 | 211933862 | 第三借阅区/ [索取号:P285.1-39/337] | 在馆 | |
| 4 | 1193387 | 211933871 | 第三借阅区/ [索取号:P285.1-39/337] | 在馆 |